| 000 | 00596cam a2200181 a 4500 | ||
|---|---|---|---|
| 020 | _a0134364112 | ||
| 082 | 0 | 0 |
_a005.133 _bPLA _cNUST |
| 100 | 1 |
_aPlauger, P. J., _936663 |
|
| 245 | 1 | 0 |
_aStandard C : _ba reference / _cP.J. Plauger, Jim Brodie. |
| 260 |
_aUpper Saddle River,N.J. : _bPrentice Hall PTR, _cc1996. |
||
| 300 |
_aviii, 248 p. : _bill. ; _c23 cm. + _e1 computer disk (3 1/2in.) |
||
| 500 | _aIncludes index. | ||
| 526 |
_a0 _b0 _c0 _d005_133000000000000_PLA |
||
| 650 | 0 |
_aC (Computer program language) _91226 |
|
| 650 | 0 |
_aNUST _96342 |
|
| 700 | 1 |
_aBrodie, Jim, _936664 |
|
| 942 |
_2ddc _cBK |
||
| 999 |
_c541670 _d541670 |
||